00266 a2200121 4500001000700000020001500007040003500022100002200057240002500079245002000104300001100124362000900135153506 a8586583154 cEscola São Tomás de Aquino aASSIS, Machado de10aEsaú e Jacólpor10aEsaú e Jacó a248 p.0 a1998